| 000 | 00501nam a22001577a 4500 | ||
|---|---|---|---|
| 003 | macl | ||
| 005 | 20200701121330.0 | ||
| 008 | 200701b xxu||||| |||| 00| 0 eng d | ||
| 040 | _cmacl | ||
| 082 | _a800/SHA | ||
| 100 |
_aसचदेव ,चरणजीत सिंह _976311 |
||
| 245 | _aउपन्यास पाठ पुनर्पाठ | ||
| 260 |
_aदिल्ली _bदेव प्रकाशन _c2018 |
||
| 650 |
_aउपन्यास _978786 |
||
| 942 |
_2ddc _cHIN |
||
| 999 |
_c62514 _d62514 |
||